| 000 | 00895nam a2200229 a 4500 | ||
|---|---|---|---|
| 999 |
_c11330 _d11330 |
||
| 001 | 11330 | ||
| 003 | BD-JhCC | ||
| 005 | 20190827124934.0 | ||
| 008 | 190626s 2018bg a|||| ||a| 000 0 ben d | ||
| 020 | _a9789848975008 | ||
| 035 | _a(BD-JhCC)11330 | ||
| 040 |
_aBD-JhCC _dBD-JhCC |
||
| 041 | _aben | ||
| 082 |
_a954.9205 _bMLN 2018 |
||
| 100 | _aমিন্টু, শেখ গিয়াসউদ্দীন আহমদ | ||
| 245 |
_a২৬ মার্চ এবং স্বাধীনতা বিরোধী শক্তির উল্থান / _cশেখ গিয়াসউদ্দীন আহমদ মিন্টু । |
||
| 260 |
_aঢাকা: _bরোদেলা প্রকাশনী; _c২০১৮. |
||
| 300 |
_a২৫৬ পৃ. : _bill; _c২২ সেমি. |
||
| 650 |
_aLiberation War _zBangladesh |
||
| 942 |
_2ddc _cBK |
||